=LDR 00000nam 2200000 4500 =001 INLIS000000000037838 =005 20130612143541 =008 ***********************************Ind** =035 ##$$a0010-061300000037838 =041 ##$$a Ind =082 ##$$a 639.31 =090 ##$$a 639.31, Suy b =100 ##$$a Suyanto, Rochmantun S =245 ##$$a Budi daya ikan lele, Dra. Ny S. Rachmatun Suyanto =260 ##$$a 2011 $b Jakarta =300 ##$$a iv, 92 hlm, ilus, 23 cm =650 ##$$a Ikan lele-budidaya =850 ##$$a NBPNMAT =990 ##$$a 21400613/BPAP-NTB/20142014 =990 ##$$a 21400613/BPAP-NTB/20142014